01839nam a2200493 i 450000100060000000300090000600500170001500800390003201500180007103500230008903500360011203500140014803500210016203500230018303500440020604000280025004600090027808000130028710000440030024502480034424600290059226000450062130000290066633600270069533700520072233800280077438000160080238000280081838800140084638800140086061000460087464800140092064800140093465000220094865000130097065100110098365500350099465800130102965800510104270000400109370000460113371000680117985600980124715432KOSZ 00520240405063023.0200415s1973 pl g 000 0 pol aUWD 1973/3148 a991033118359705066 a(PL-WaBN)b18874320-48omnis_nlop ab18874320 a(OCoLC)838994494 a(PL)b0000001887432 a(EXLNZ-48OMNIS_NETWORK)9910457629005606 aWA NcWA NdKOSZ 005/RW k1973 a329(438)1 aGóra, Władysławd(1918-2009)eAutor10aPPR :brezolucje, odzewy, instrukcje i okólniki Komitetu Centralnego : [dokumenty].pI 1947-XII 1948 /cW. Góra, R. Halaba, N. Kołomejczyk ; Wyższa Szkoła Nauk Społecznych przy KC PZPR. Zakład Historii Polskiego Ruchu Robotniczego. 3 aPolska Partia Robotnicza aWarszawa :bKsiążka i Wiedza,c1973. a287, [8] stron ;c22 cm. aTekstbtxt2rdacontent aBez urządzenia posredniczącegobn2rdamedia aWoluminbnc2rdacarrier aKsiążki aPublikacje informacyjne a1901-2000 a1945-198927aPolska Partia Robotnicza (1942-1948)2DBN 7a1901-2000 7a1945-1989 7aPartie polityczne 7aPolityka 7aPolska 7aWydawnictwo źródłowe2DBN aHistoria aPolityka, politologia, administracja publiczna1 aHalaba, Ryszardd(1930-1992)eAutor1 aKołomejczyk, Norbertd(1930-1994)eAutor2 aSpółdzielnia Wydawniczo-Handlowa "Książka i Wiedza"4pbl uhttp://koha.tu.koszalin.pl/cgi-bin/koha/opac-detail.pl?biblionumber=15432yKatalog online BPK